The Prima/Ultima Facie Justification Distinction in Epistemology (Record no. 527798)
[ view plain ]
| 000 -CABECERA | |
|---|---|
| Campo de control de longitud fija | 00474nab a2200145Ia 4500 |
| 003 - IDENTIFICADOR DEL NÚMERO DE CONTROL | |
| Campo de control | ES-SlBCS |
| 005 - FECHA Y HORA DE LA ÚLTIMA TRANSACCIÓN | |
| Campo de control | 20210601125300.0 |
| 008 - CÓDIGOS DE INFORMACIÓN DE LONGITUD FIJA | |
| Campo de control de longitud fija | 140529s1996 xxu||||| |||| 00| 0 eng d |
| 041 ## - CÓDIGO DE LENGUA | |
| Código de lengua del texto/banda sonora o título independiente | eng |
| 100 1# - PUNTO DE ACCESO PRINCIPAL-NOMBRE DE PERSONA | |
| Nombre de persona | Senor, Thomas D. |
| 9 (RLIN) | 156299 |
| 245 04 - MENCIÓN DE TÍTULO | |
| Título | The Prima/Ultima Facie Justification Distinction in Epistemology |
| Mención de responsabilidad, etc. | Thomas D. Senor |
| 650 04 - PUNTO DE ACCESO ADICIONAL DE MATERIA-TÉRMINO DE MATERIA | |
| Término de materia o nombre geográfico como elemento inicial | Epistemología |
| 9 (RLIN) | 86254 |
| 773 0# - ENLACE AL DOCUMENTO FUENTE | |
| Título | Philosophy and Phenomenological Research |
| Parte(s) relacionada(s) | vol. 56, 1996, págs. 551-566 |
| Número de control del registro relacionado | Rev1411 |
| 942 ## - ENTRADA DE ELEMENTOS AGREGADOS (KOHA) | |
| Koha [por defecto] tipo de item | Artículos de revista |
| Suprimido | Perdido | Estropeado | No para préstamo | Localización permanente | Localización actual | Localización en estantería | Fecha adquisición | Préstamos totales | Fecha última consulta | Fecha del precio de reemplazo | Tipo de item de Koha |
|---|---|---|---|---|---|---|---|---|---|---|---|
| San Esteban | San Esteban | Depósito de revistas | 11/07/2014 | 11/07/2014 | 11/07/2014 | Artículos de revista |
